[Event "Grand Slam Final 4th"]
[Site "Sao Paulo/Bilbao"]
[Date "2011.10.06"]
[Round "6"]
[White "Vallejo Pons, Francisco"]
[Black "Aronian, Levon"]
[Result "1/2-1/2"]
[WhiteElo "2716"]
[BlackElo "2807"]
[Annotator "Edouard,R"]
[PlyCount "77"]
[EventDate "2011.09.26"]
[EventType "tourn"]
[EventRounds "10"]
[EventCountry "BRA"]
[EventCategory "22"]
[SourceTitle "CBM 145"]
[Source "ChessBase"]
[SourceDate "2011.11.11"]
[SourceVersion "1"]
[SourceVersionDate "2011.11.11"]
[SourceQuality "1"]

1. Nf3 d5 2. d4 c5 3. c4 dxc4 4. e4 cxd4 5. Qxd4 Bd7 (5... Qxd4 6. Nxd4 Bd7 {
or 6...a6 was the normal way to play. A strange opening choice by Aronian in
my opinion. When several people asked me to explain it, I thought it could be
a cool idea to try! Indeed, somehow White should be always slightly better
everywhere, while Black hopes to make a draw if White makes one or several
inaccurate moves. For me, it is very hard to know at what moment in a game top
players like Aronian go for a draw, or decide to go for a win. If I were
playing this opening with Black, it would mean I was planning for both a draw,
and for some side-line just to change a bit from the usual stuff. But Aronian
played 5...Bd7, declining a drawish queen exchange, though White should be
very slightly better after that. As a result I would say Aronian didn't want
to go desperately for a win, but also wanted to be creative, feeling that it
should be possible to hold even a slightly worse position due to the (almost)
hundred points difference. However, Vallejo is an extremely strong player, and
I think Aronian was not far from getting punished right after the opening.}) 6.
Bxc4 Nc6 7. Qe3 e6 8. O-O Qb8 $146 (8... Nge7 9. b3 {was much better for White
in Tregubov-Jonkman (2002), though Black won.}) 9. b3 Ne5 10. Bb2 Bd6 (10...
Nxc4 $6 11. bxc4 {and Black cannot develop.}) 11. Nbd2 Nf6 12. Qg5 {A decent
move. White is slightly better, though I think 12.Qc3! is the real way to
punish Black, though I might be missing a good defensive concept.} ({To
illustrate, after} 12. Qc3 $1 Nxf3+ (12... Nxc4 13. bxc4 Be7 14. e5 Ng4 15. h3
Nh6 16. Ba3 $16) 13. Nxf3 b5 14. Bd3 $1 (14. Be2 {gives a long forced line:}
O-O 15. Rfd1 e5 $8 {Forced.} 16. Nxe5 Nxe4 17. Qd4 Bxe5 18. Qxe5 Qxe5 19. Bxe5
Rfe8 20. f4 Re7 21. Rac1 f6 22. Bb2 Rae8 23. Bf3 f5 {and White is better,
though I cannot say by how much.}) 14... Qb7 (14... O-O 15. e5 Nd5 16. Bxh7+
$18) 15. Qa5 $5 (15. Rfd1 Rc8 16. Qa5 Bc5 17. Ne5 Bb6 18. Qd2 O-O 19. Qe2 $14)
15... Be7 (15... Rc8 16. e5 Bc7 17. Qd2 Nd5 18. Qg5 $16) 16. Rac1 Bd8 17. Qd2
O-O 18. Rfd1 {and White seems much better to me.}) 12... Ng6 13. Bxf6 h6 14.
Qa5 Bc7 (14... gxf6 15. Bb5 $14) 15. Qc5 (15. Qc3 $1 gxf6 16. Rac1 $5 (16. Qxf6
b5 17. Be2 Rg8 18. g3 Nf4 $1 (18... e5 19. Kh1 a6 {(threatening ...Bd8)} 20.
Ne1 {doesn't give Black full compensation.}) 19. Rae1 e5 20. Kh1 Nxe2 21. Rxe2
Rg6 22. Qh8+ Ke7 23. Qxb8 Rxb8 24. Rc1 {and Black surely has compensation due
to the two bishops, but I think White should be slightly better anyway.}) 16...
Be5 (16... Bd8 17. Rfd1 $16) 17. Nxe5 Qxe5 18. Qe3 {and White is simply better.
}) 15... Bd6 16. Qa5 Bc7 17. Qh5 $6 gxf6 18. Bb5 (18. Rfd1 {might be better,
keeping the queen on h5, and aiming to advance slowly but surely, with Bf1, g3.
.. White is slightly better and it is still a question of how Black is going
to secure his king.}) 18... Bxb5 19. Qxb5+ Kf8 20. Rad1 Kg7 21. Nc4 $6 (21. g3
a6 22. Qe2 h5 {is equal.}) 21... h5 ({After} 21... a6 $1 22. Qh5 b5 23. Nb2 (
23. Ne3 Qb7) 23... Qb7 {followed by ...Bb6, I actually think Black starts to
be slightly better. No big deal probably, but still a bit unpleasant for White.
..}) 22. Rd7 a6 23. Qb4 b5 24. Nd6 Bxd6 25. Rxd6 Qc7 26. Rfd1 Rad8 {Ok, dead
draw.} 27. g3 h4 28. Rxd8 Rxd8 29. Rxd8 Qxd8 30. Qd4 Qc8 31. Nxh4 Nxh4 32. gxh4
Qc2 33. e5 fxe5 34. Qxe5+ Kh7 35. Qh5+ Kg7 36. Qg5+ Kh7 37. Qh5+ Kg7 38. Qg5+
Kh7 39. Qh5+ 1/2-1/2

[Event "EU-chT (Men) 21st"]
[Site "Heraklion"]
[Date "2017.10.28"]
[Round "1.1"]
[White "Nyback, Tomi"]
[Black "Edouard, Romain"]
[Result "0-1"]
[WhiteElo "2572"]
[BlackElo "2607"]
[Annotator "Edouard,R"]
[PlyCount "116"]
[EventDate "2017.10.28"]
[EventType "team-swiss"]
[EventRounds "9"]
[EventCountry "GRE"]
[SourceTitle "CBM 182"]
[Source "ChessBase"]
[SourceDate "2018.01.17"]
[SourceVersion "1"]
[SourceVersionDate "2018.01.17"]
[SourceQuality "1"]
[WhiteTeam "Finland"]
[BlackTeam "France"]
[WhiteTeamCountry "FIN"]
[BlackTeamCountry "FRA"]

1. d4 d5 2. c4 dxc4 3. e3 e5 4. Bxc4 exd4 5. exd4 Bd6 6. Nf3 Nf6 7. Qe2+ Qe7 8.
Qxe7+ Bxe7 9. O-O O-O $5 {This move was played by Niclas Huschenbeth a few
days before my game, and it caught my attention!} (9... Be6 {is how Black
usually plays, and Black suffers slightly:} 10. Bxe6 fxe6 11. Ng5 (11. Re1 $6
Nc6 $1 12. Rxe6 Rd8 13. Be3 Rf8 $1 $11 {0-1 (59) Nyback,T (2572)-Huschenbeth,N
(2548) Berlin GER 2017}) 11... Kd7 12. Re1 Bb4 13. Bd2 Nc6 14. Nxe6 Rae8 15.
Nc5+ Kc8 16. Rxe8+ Rxe8 17. Nb3 Bxd2 18. N1xd2 Nb4 (18... a5 19. a4 Nd5 20. Nc4
Ncb4 21. Kf1 $14 {1-0 (52) Lysyj,I (2617)-Romanov,E (2616) Khanty-Mansiisk RUS
2012}) 19. Kf1 Nd3 20. Nc5 $1 $14 {1/2-1/2 (59) Sadorra,J (2560)-Smerdon,D 
(2531) AZE 2016}) 10. Re1 (10. Nc3 Nc6 11. Nb5 $6 (11. Re1 $142 {transposing
to my game}) 11... Bf5 $1 12. Nxc7 Rad8 $132 {1/2-1/2 (35) Malakhatko,V (2511)
-Huschenbeth,N (2596) Bastia FRA 2017}) 10... Nc6 11. Nc3 h6 $5 $146 {An
interesting idea: just preventing Bg5 before taking other actions!} (11... Bd6
12. Bg5 Nd7 13. Nb5 Nb6 14. Bf1 (14. Bb3 $1 {seems like a better way to pose
problems}) 14... Be6 15. a3 Bd5 16. Nd2 a6 17. Nxd6 cxd6 {½-½ (52) Wojtaszek,
R (2637)-Heberla,B (2557) Opole POL 2007, was slightly worse but solid for
Black.}) 12. h3 (12. d5 {should be critical:} Na5 13. Rxe7 (13. Bf1 Bb4 14. Bd2
b6 $5 15. a3 Bd6 16. Nd4 Bc5 17. Ndb5 Nb3 18. Rad1 Bf5 $132) 13... Nxc4 14. Bf4
(14. Rxc7 Nb6 $11) 14... Nb6 (14... Nxb2 $5 {is also playable thanks to the
trick} 15. Bxc7 $2 Na4 $1 $15) 15. Rd1 c6 $1 $11 {and Black is able to
simplify the positon a lot.}) (12. Bf4 Bd6 $11) (12. Ne5 Bd6 13. Nxc6 bxc6 $11)
12... Bd6 13. Nb5 Nb4 14. Re2 Nbd5 (14... Bf5 $5 {with the idea} 15. Bd2 Nd3 {
was another option, but I did not see any point to it.}) 15. Nxd6 (15. Bd2 Bd7
16. Ne5 Bxb5 17. Bxb5 Bb4 $11) 15... cxd6 16. Bd2 Bd7 (16... Bf5 17. g4 Bh7 18.
Rc1 {and I am not sure the bishop is that great on h7.}) 17. Rc1 Rfe8 18. Rce1
$6 (18. Ree1 $11) 18... Rec8 $1 19. Bd3 (19. b3 a6 $132 {/\x...Bb5/...b5.})
19... a6 {Because of the "trapped" rook on e2, White isn't in time to avoid an
exchange of light-squared bishops.} (19... Nh5 $5 {was the other way to play.})
20. Nh4 {Seeking for counterplay.} Bb5 21. Bxb5 axb5 22. a3 Rc2 23. Bc1 Rxe2
24. Rxe2 Rc8 25. Be3 Kh7 26. Nf5 Rc6 27. Kf1 $6 (27. Bd2 $1 {preventing ...g6
was just equal.}) 27... g6 28. Ng3 Kg7 29. Ke1 b4 30. Bd2 bxa3 31. bxa3 Rb6 32.
Kd1 Rb3 {Now White is definitely worse.} 33. a4 b6 (33... Rd3 $5) 34. Ne4 Nxe4
35. Rxe4 Ra3 36. Kc2 (36. Re8 Rxa4 37. Rd8 Rxd4 38. Kc2 b5 $17) 36... Rxa4 37.
Kd3 Ra8 $6 (37... Ra3+ $1 {was the way to play:} 38. Kc4 Nc7 39. Re7 b5+ 40.
Kb4 Ra4+ (40... Nd5+ $2 41. Kxa3 Nxe7 42. Kb4 $11) 41. Kb3 Nd5 42. Rd7 Rxd4 $19
) 38. Kc4 $1 Nf6 39. Re2 g5 40. Bb4 Rc8+ 41. Kd3 Rc6 42. Rb2 Nd5 43. Bd2 Kf6
44. Rb1 Rc8 45. h4 Kf5 46. hxg5 hxg5 47. g4+ $2 (47. Rb5 $1 Ke6 48. Bxg5 Rg8
49. f4 f6 50. f5+ Kxf5 51. Rxd5+ Ke6 52. Rb5 Rxg5 53. Rxb6 Rxg2 {and despite
an extra pawn for Black, that should be a very easy draw.}) (47. Bxg5 $2 {
fails to} Nc3 $1 48. Rc1 Kxg5 49. Rxc3 Rxc3+ 50. Kxc3 d5 51. Kb4 Kf4 {and
Black wins the pawn ending.}) 47... Kxg4 48. Rg1+ Kf5 49. Rxg5+ Ke6 50. Rg1 Ra8
51. Re1+ Kd7 52. Ke4 Nc7 53. Rb1 b5 54. Rb3 Ra2 55. Be3 Ke6 56. Rc3 $2 (56. Kd3
$17) 56... Nd5 57. Rc8 f5+ 58. Kd3 $2 (58. Kf3 b4 $19) 58... Nb4+ $1 (58...
Nb4+ 59. Kc3 Rc2+ $19) 0-1

[Event "BCF-chT 1314 (4NCL)"]
[Site "England"]
[Date "2014.05.05"]
[Round "11.115"]
[White "Hammer, Jon Ludvig"]
[Black "Edouard, Romain"]
[Result "0-1"]
[WhiteElo "2647"]
[BlackElo "2670"]
[Annotator "Edouard,R"]
[PlyCount "60"]
[EventDate "2013.11.16"]
[EventType "team-swiss"]
[EventRounds "11"]
[EventCountry "ENG"]
[SourceTitle "CBM 160"]
[Source "ChessBase"]
[SourceDate "2014.05.15"]
[SourceVersion "1"]
[SourceVersionDate "2014.05.15"]
[SourceQuality "1"]
[WhiteTeam "Wood Green Hilsmark"]
[BlackTeam "Guildford"]
[WhiteTeamCountry "ENG"]
[BlackTeamCountry "ENG"]

1. d4 d5 2. c4 dxc4 3. e4 b5 $5 {A very rare move.} 4. a4 c6 5. axb5 cxb5 6.
Nc3 {This is known to refute the ...b5 setup, as Black has problems to defend
the b-pawn and ...b4 fails to Qa4+.} a6 $5 {Sacrificing an exchange to get
quick development and target the white centre.} 7. Nxb5 axb5 8. Rxa8 Bb7 9. Ra1
e6 10. Be2 $6 (10. f3 Nc6 {is definitetely critical. White goes} 11. Ne2 {
or 11.Be3 and Black can play} Bb4+ {or 11...Na5 in order to develop as fast as
possible and counterattack in the centre.}) 10... Nf6 11. Nf3 (11. f3 {is now
really too late as the bishop on f3 is very misplaced:} Nc6 12. Be3 Bb4+ 13.
Kf2 Na5 $40) 11... Nxe4 12. O-O Qd5 $6 (12... Nc6 {would probably be more
precise.}) 13. Ne1 (13. Ra7 $1 {(preventing ...Nc6) would create some problems:
} Be7 (13... Bd6 14. Ne5 O-O 15. Bf3 Na6 16. Bxe4 Qxe4 17. Qf3 Qxf3 18. gxf3
Bc8 19. Nd7 $14) 14. Ne5 Nc3 15. Bf3 Nxd1 16. Bxd5 Bxd5 17. Rxd1 $14) 13... Nc6
14. Nc2 Bd6 $6 {Too creative, in my opinion.} (14... Be7 {would be much safer
obivously.}) 15. Bf3 Bb8 (15... O-O $4 16. Ne3 Qxd4 17. Bxe4 $18) 16. Re1 f5
17. Bxe4 fxe4 18. Qg4 O-O 19. Qxe4 Qxe4 20. Rxe4 e5 {By opening the position I
get very interesting compensations for the exchange.} ({I also considered} 
20... Na5 {but after} 21. Re1 $1 Nb3 22. Ra2 $1 {I thought I would be slightly
worse.}) 21. dxe5 $6 {Helping me in my task.} (21. d5 $1 Ne7 22. Ne3 $14 {
would be a better way as White is in time to go Bd2.}) 21... Bxe5 {White is in
trouble, finding it hard to move his queenside pawn/pieces and, while my
opponent was in time trouble, I was now definitely preferring my side.} 22. Rb1
(22. Re1 $1 Bf6 23. Rd1 {to control the d-file and later try to move the
a-rook was a better plan.}) 22... Bf6 23. Re2 $6 ({The prophylactic} 23. Re6 $5
{against ...Bc8 was a better move.}) 23... Bc8 {Now problems start for White.}
24. b3 {Trying to free the queenside.} (24. Ne3 Nd4 {followed by ...Nb3 is
difficult for White, though probably just equal.}) (24. Be3 $1 {was the most
precise defence.}) 24... Bg4 $1 25. Kf1 (25. f3 Bf5 26. Be3 $1 (26. bxc4 $2 Nd4
$19) 26... Bd3 27. Rf2 Nb4 28. Nxb4 Bxb1 29. bxc4 bxc4 30. Rf1 Bg6 {would be
slightly worse for White but should hold a draw after} 31. Nd5 $132) 25... c3 (
25... Bf5 $1 26. Be3 Nb4 {might now have been more precise:} 27. Nxb4 Bxb1 28.
bxc4 bxc4 29. Re1 Bg6 $40 {and Black will win an important tempo with ....Bd3+
if White goes Nd5.}) (25... Bxe2+ $6 26. Kxe2 {would be slightly better for
Black, but very very drawish.}) 26. Be3 Ra8 27. Bc5 (27. f3 Bf5 28. Rd1 Bxc2
29. Rxc2 Nb4 30. Re2 $1 {(which I missed)} (30. Rcc1 c2 $15) 30... c2 31. Rde1
{should hold the draw.}) (27. Ra1 Rxa1+ 28. Nxa1 Bxe2+ (28... Nb4 29. Re1 $1 c2
30. Bd2 $11) 29. Kxe2 Nb4 30. Kd1 {should hold as well.}) 27... Ra2 28. f3 $2 (
28. Re8+ {was the only way not to lose at once but after} Kf7 29. Rf8+ Kg6 30.
Rc1 Bf5 31. Ne3 Bd3+ 32. Kg1 Na5 {White is in trouble.}) 28... Bf5 $19 29. Rc1
Bd3 30. b4 (30. Kf2 Bxe2 31. Kxe2 Na5 $19) 30... Bg5 {Just too many pins!} 0-1

[Event "Sitges Sunway op 3rd"]
[Site "Sitges"]
[Date "2016.12.17"]
[Round "3"]
[White "Minko, Vladimir"]
[Black "Edouard, Romain"]
[Result "1/2-1/2"]
[WhiteElo "2429"]
[BlackElo "2611"]
[Annotator "Edouard,R"]
[PlyCount "63"]
[EventDate "2016.12.16"]
[EventType "swiss"]
[EventRounds "9"]
[EventCountry "ESP"]
[SourceTitle "CBM 176"]
[Source "ChessBase"]
[SourceDate "2017.01.17"]
[SourceVersion "1"]
[SourceVersionDate "2017.01.17"]
[SourceQuality "1"]

1. d4 d5 2. c4 dxc4 3. e3 e5 4. Bxc4 Nc6 $6 {A tricky line to play for a win,
but objectively dubious.} 5. Nf3 (5. Qb3 $6 Qd7 $1 6. dxe5 Nxe5 7. Be2 Qe6 $11
{½-½ (58) Wojtaszek,R (2727)-Ponomariov,R (2712) CHN 2016}) (5. d5 $6 {
was Sethuraman's bad reaction against Li Chao, after which Black was
completely fine:} Na5 6. Be2 c6 7. Nc3 Nf6 8. e4 Bb4 9. Bg5 O-O 10. Nf3 cxd5
11. Bxf6 Qxf6 12. Qxd5 Bg4 $15 {0-1 (26) Sethuraman,S (2639)-Li Chao (2750)
QAT 2015}) 5... e4 6. Nfd2 {The most logical move, but probably not Black's
real problem.} (6. Qb3 $1 {should be the way:} Nh6 (6... Qf6 $6 7. Ne5 $1 $40)
7. Nfd2 Qg5 8. g3 Na5 (8... f5 {is just too much:} 9. Nc3 $16) 9. Qb5+ Qxb5 10.
Bxb5+ c6 11. Be2 {and White will play Nc3, Rb1 (threatening b4) and should
have a better endgame.}) 6... Qg5 7. Nxe4 (7. g3 Qg6 8. Nc3 Nf6 $13 {should be
fine for Black. Compared to 6.Qb3, Black can develop with natural moves (...
Bd6, ...Bf5).}) 7... Qxg2 8. Ng3 Nf6 9. Bf1 (9. Qb3 $5 {may lead to quick
draws:} Bd6 (9... Na5 10. Qa4+ Nc6 11. Qb3 $11) (9... Bb4+ 10. Bd2 Bxd2+ 11.
Nxd2 O-O 12. Bf1 Qd5 13. Qxd5 Nxd5 14. Rc1 $36) 10. Bf1 (10. Bxf7+ Kf8 11. Rf1
Na5 12. Qb5 Kxf7 13. Qxa5 Bg4) 10... Qf3 (10... Qd5 11. Bc4 $11) 11. Be2 Qg2
$11) 9... Qd5 10. Nc3 Bb4 {Black gets a kind of improved Chigorin.} 11. Bd2 (
11. a3 Bxc3+ 12. bxc3 Bg4 13. Be2 Bxe2 14. Qxe2 O-O-O $13) 11... Qe6 12. Qe2 h5
$5 ({The engine suggests} 12... O-O {but I wanted to castle on the other side!}
) 13. h4 $6 (13. Bg2 {threatening d5 was much more logical, forcing Black to
play a move like ...Qe7.}) 13... Qe7 14. Bh3 $2 {A terrible move strategically.
} (14. Bg2 Bg4 $13) 14... Bxh3 15. Rxh3 Qe6 16. Rh1 O-O-O {White is simply
much worse.} 17. a3 Bd6 18. Rg1 Rhe8 19. O-O-O g6 20. Qb5 a6 21. Qa4 Ne7 $2 {
A huge blunder, missing White's 23rd move.} (21... Bxg3 22. Rxg3 Ne7 {would
secure a clear advantage.}) 22. e4 $1 Bxg3 (22... Ng4 $1 {with the idea} 23. e5
$2 Bxe5 24. dxe5 Nxf2 $17 {was necessary.}) 23. d5 $1 {Now Black is in trouble!
} Qb6 (23... Qd7 24. Qxd7+ Nxd7 25. Rxg3 {is very difficult for Black, who
cannot move a piece!}) 24. fxg3 (24. Be3 {was easier, although after the game
move I cannot solve my problems either:} Qd6 25. fxg3 Ng4 26. Bf4 Ne5 27. Kb1
$16) 24... Ng4 25. Rge1 f6 26. Bf4 Rg8 $2 (26... Ne5 27. Kb1 $16) 27. Qc4 $1
Ne5 (27... Kb8 {was required but after} 28. Na4 Qa5 29. Qc2 $5 {threatening b4,
or just Nc5-Ne6, White is winning.}) 28. Bxe5 fxe5 29. Na4 (29. d6 $1 {would
finish off the game:} Rxd6 (29... Nc6 30. Nd5 $18) 30. Qf7 Rxd1+ (30... Kd8 31.
Rxd6+ cxd6 32. Qxe7+ $1 $18) 31. Rxd1 Qc5 32. Kc2 $18 {/\ xb4}) 29... Qb5 30.
Qxb5 $6 (30. Qc2 $1 {was much stronger.}) 30... axb5 31. Nc5 Rd6 32. Nd3 ({
After} 32. Nd3 c6 33. Nxe5 cxd5 34. Kb1 $1 {White is still better.}) 1/2-1/2